000 00679nam a2200241Ia 4500
005 20260121112543.0
008 6921 260114s9999 xx 000 0 eng d
020 _a9789812839312
037 _aEBOOK
040 _aCRL
_beng
_cCRL
041 _aeng
_2eng
084 _qCRL
100 _aAmoroso Richard L Et Al
_9959465
245 0 _aHolographic Anthropic Multiverse, the: Formalizing the Complex Geometry of Reality
260 _bWorld Scientific
260 _bWSPC
260 _c2009
650 _aPhysics
_9959466
856 _uhttps://www.worldscientific.com/worldscibooks/10.1142/7203#t=toc
942 _cEBOOK
999 _c1544221
_d1544221